[Event "Berisso Chessniacs sf 5th"]
[Site "Berisso"]
[Date "2016.08.27"]
[Round "2.3"]
[White "Yantorno, Jorge"]
[Black "Ferreyra, Gustavo"]
[Result "1-0"]
[WhiteElo "1867"]
[BlackElo "1744"]
[PlyCount "37"]
[EventDate "2016.08.26"]
[EventType "swiss"]
[EventRounds "6"]
[EventCountry "ARG"]
[SourceTitle "EXT 2024"]
[Source "ChessBase"]
[SourceDate "2023.10.10"]
[SourceVersion "1"]
[SourceVersionDate "2023.10.10"]
[SourceQuality "1"]

1. c4 Nf6 2. Nc3 d5 3. cxd5 Nxd5 4. g3 e5 5. Nf3 Nxc3 6. bxc3 e4 7. Nd4 c5 8. Nc2 Bd7 9. Bg2 Bc6 10. Ne3 Nd7 11. d4 exd3 12. Bxc6 bxc6 13. Qxd3 Be7 14. Qe4 Rc8 15. Nf5 Nf6 16. Qe3 Rg8 17. 0-0 c4 18. Qxa7 Ra8 19. Qb7 1-0

[Event "Berisso Chessniacs sf 5th"]
[Site "Berisso"]
[Date "2016.08.26"]
[Round "1.6"]
[White "Coronel, Nestor"]
[Black "Yantorno, Jorge"]
[Result "0-1"]
[WhiteElo "1581"]
[BlackElo "1867"]
[PlyCount "51"]
[EventDate "2016.08.26"]
[EventType "swiss"]
[EventRounds "6"]
[EventCountry "ARG"]
[SourceTitle "EXT 2024"]
[Source "ChessBase"]
[SourceDate "2023.10.10"]
[SourceVersion "1"]
[SourceVersionDate "2023.10.10"]
[SourceQuality "1"]

1. e4 d6 2. d4 g6 3. Nc3 Bg7 4. Nf3 a6 5. a4 Bg4 6. Be2 Nc6 7. Be3 e5 8. d5 Nce7 9. h3 Bxf3 10. Bxf3 f5 11. exf5 Nxf5 12. Bd2 Nf6 13. Qc1 0-0 14. h4 Nd4 15. Bg5 Qd7 16. Qd2 Ng4 17. Qd3 Qf5 18. Qxf5 gxf5 19. Kd2 Nxf2 20. Rhf1 Nxf3+ 21. gxf3 Nh3 22. Rh1 Nxg5 23. hxg5 e4 24. Rh3 Bxc3+ 25. bxc3 Rad8 26. Rc1 0-1